Statistics for Current Countries Colonized By The Portuguese Empire

Click here to take the quiz!

General Stats

  • This quiz has been taken 45 times
  • The average score is 5 of 7

Answer Stats

Country % Correct
Brazil
98%
Angola
86%
Mozambique
83%
Cape Verde
76%
Sao Tome and Principe
74%
Guinea-Bissau
50%
East Timor
48%

Score Distribution

Percentile by Number Answered

Percent of People with Each Score

Your Score History

You have not taken this quiz